Press and Registration of Books Act, 1867: 25 of 1867 (Record no. 18389)
[ view plain ]
| 000 -LEADER | |
|---|---|
| fixed length control field | 00678nam a2200205Ia 4500 |
| 082 ## - DEWEY DECIMAL CLASSIFICATION NUMBER | |
| Classification number | RR 070.50954 PRE; |
| 245 #0 - TITLE STATEMENT | |
| Title | Press and Registration of Books Act, 1867: 25 of 1867 |
| 260 ## - PUBLICATION, DISTRIBUTION, ETC. (IMPRINT) | |
| Place of publication | Delhi |
| Name of publisher | Universal Law Publishing |
| Year of publication | 2003 |
| 300 ## - PHYSICAL DESCRIPTION | |
| Number of Pages | ii, 36p. |
| 500 ## - GENERAL NOTE | |
| General note | Bare Act with short notes |
| 650 ## - SUBJECT ADDED ENTRY--TOPICAL TERM | |
| Topical Term | Book registration, National |
| 650 ## - SUBJECT ADDED ENTRY--TOPICAL TERM | |
| Topical Term | Registration of Newspapers (Central ) Rules, 1956 |
| 650 ## - SUBJECT ADDED ENTRY--TOPICAL TERM | |
| Topical Term | Press and Registration Appellate Board (Practice and Procedure) Order, 196 |
| 650 ## - SUBJECT ADDED ENTRY--TOPICAL TERM | |
| Topical Term | Press and Registration of Books Act, 1867 |
| 650 ## - SUBJECT ADDED ENTRY--TOPICAL TERM | |
| Topical Term | Press Law |
| 650 ## - SUBJECT ADDED ENTRY--TOPICAL TERM | |
| Topical Term | Newspapers |
| 650 ## - SUBJECT ADDED ENTRY--TOPICAL TERM | |
| Topical Term | Copyright |
| 710 ## - ADDED ENTRY--CORPORATE NAME | |
| Corporate name or jurisdiction name as entry element | Universal Law Publishing |
| 942 ## - ADDED ENTRY ELEMENTS (KOHA) | |
| Koha item type | Books |
| Withdrawn status | Lost status | Damaged status | Not for loan | Home library | Current library | Date acquired | Bill Date | Full call number | Accession Number | Price effective from | Koha item type |
|---|---|---|---|---|---|---|---|---|---|---|---|
| NASSDOC Library | NASSDOC Library | 09/09/2004 | 2004-10-05 | RR 070.50954 PRE; | 39839 | 18/04/2019 | Books |
